<?xml version="1.0" encoding="UTF-8"?>
<record
    xmlns:xsi="http://www.w3.org/2001/XMLSchema-instance"
    xsi:schemaLocation="http://www.loc.gov/MARC21/slim http://www.loc.gov/standards/marcxml/schema/MARC21slim.xsd"
    xmlns="http://www.loc.gov/MARC21/slim">

  <leader>01886nas a2200277Ia 4500</leader>
  <controlfield tag="001">R053-S8000</controlfield>
  <controlfield tag="003">IT-CnALBA</controlfield>
  <controlfield tag="008">170116c99999999xx ||||||||||||   ||und||</controlfield>
  <datafield tag="040" ind1=" " ind2=" ">
    <subfield code="a">IT-CnALBA</subfield>
    <subfield code="c">IT-CnALBA</subfield>
  </datafield>
  <datafield tag="041" ind1=" " ind2=" ">
    <subfield code="a">ITALIANO</subfield>
  </datafield>
  <datafield tag="100" ind1=" " ind2=" ">
    <subfield code="a">COBOLLI GIGLI NICOLETTA</subfield>
  </datafield>
  <datafield tag="210" ind1=" " ind2=" ">
    <subfield code="a">ARTE</subfield>
  </datafield>
  <datafield tag="222" ind1=" " ind2=" ">
    <subfield code="a">ARTE</subfield>
  </datafield>
  <datafield tag="245" ind1=" " ind2="0">
    <subfield code="a">ARTE. CULTURA INFORMAZIONE. MERCATO INFORMALE IN FORMA. OTTOBRE 1996. PIERRE E GILLES. COPPIA SEDUZIONE PARIGI. </subfield>
  </datafield>
  <datafield tag="250" ind1=" " ind2=" ">
    <subfield code="a">1a ed.</subfield>
  </datafield>
  <datafield tag="260" ind1=" " ind2=" ">
    <subfield code="a">MILANO</subfield>
    <subfield code="b">MONDADORI GIORGIO EDIT. </subfield>
    <subfield code="c">1996 [1&#xB0; Ed.:1996 - Ed.Ling.Originale: 1996]</subfield>
  </datafield>
  <datafield tag="300" ind1=" " ind2=" ">
    <subfield code="a">154 p. </subfield>
  </datafield>
  <datafield tag="310" ind1=" " ind2=" ">
    <subfield code="a">MENSILE</subfield>
  </datafield>
  <datafield tag="362" ind1=" " ind2=" ">
    <subfield code="a">Fascicolo: 278 /  (1996)</subfield>
  </datafield>
  <datafield tag="500" ind1=" " ind2=" ">
    <subfield code="a">MOSTRA ARTE. ITALIANI DIECI PER IL NUOVO MILLENNIO. JASPER JOHNS. STORIA DEL POP, SUA BANDIERA. LA MOSTRA DI ARTE. ABORIGENI ALLA SCOPERTA DELLA PRIMA ARTE MODERNA, CARLO MARIA MARIANI. MORELLO M. NEOCLASSICO CONCETTUALE. CABUTTI L. BICCHIERI DA ABSOLUT, SCULTURE PER BRINDISI DI AUTORE. HERMAN HESSE, GLI ACQUARELLI DI SIDOHARTA. LODOLA MARCO, SAGOME PIENE DI LUCE. VALIGIA DI BALDASSI PIENA DI AMERICANI. MARCHINI SIMONA ATTRICE E GALLERISTA. EVENTI. FOTOGRAFIA PITTORI SCULTORI. RUBRICHE ARTE E MERCATO. </subfield>
  </datafield>
  <datafield tag="501" ind1=" " ind2=" ">
    <subfield code="a">Societ&#xE0; San Paolo EM - Piazza San Paolo, 14 - 12051 ALBA (CN)  (non commercial uses only) &#xAE; Copyright 2017</subfield>
  </datafield>
  <datafield tag="520" ind1=" " ind2=" ">
    <subfield code="a">MOSTRA ARTE. ITALIANI DIECI PER IL NUOVO MILLENNIO. JASPER JOHNS. STORIA DEL POP, SUA BANDIERA. LA MOSTRA DI ARTE. ABORIGENI ALLA SCOPERTA DELLA PRIMA ARTE MODERNA, CARLO MARIA MARIANI. MORELLO M. NEOCLASSICO CONCETTUALE. CABUTTI L. BICCHIERI DA ABSOLUT, SCULTURE PER BRINDISI DI AUTORE. HERMAN HESSE, GLI ACQUARELLI DI SIDOHARTA. LODOLA MARCO, SAGOME PIENE DI LUCE. VALIGIA DI BALDASSI PIENA DI AMERICANI. MARCHINI SIMONA ATTRICE E GALLERISTA. EVENTI. FOTOGRAFIA PITTORI SCULTORI. RUBRICHE ARTE E MERCATO. </subfield>
  </datafield>
  <datafield tag="650" ind1=" " ind2=" ">
    <subfield code="a">SCIENZE UMANE E RELIGIOSE</subfield>
  </datafield>
  <datafield tag="942" ind1=" " ind2=" ">
    <subfield code="c">CR</subfield>
  </datafield>
  <datafield tag="957" ind1=" " ind2=" ">
    <subfield code="7">1</subfield>
  </datafield>
  <datafield tag="999" ind1=" " ind2=" ">
    <subfield code="a">77558</subfield>
    <subfield code="b">NO</subfield>
    <subfield code="g">1</subfield>
    <subfield code="c">335544</subfield>
    <subfield code="d">335544</subfield>
  </datafield>
  <datafield tag="952" ind1=" " ind2=" ">
    <subfield code="0">0</subfield>
    <subfield code="1">0</subfield>
    <subfield code="4">0</subfield>
    <subfield code="6">R_053S8000</subfield>
    <subfield code="7">1</subfield>
    <subfield code="a">ALBA</subfield>
    <subfield code="b">ALBA</subfield>
    <subfield code="d">2017-01-16</subfield>
    <subfield code="l">0</subfield>
    <subfield code="o">R053-S8000</subfield>
    <subfield code="r">2017-01-16 00:00:00</subfield>
    <subfield code="w">2017-01-16</subfield>
    <subfield code="y">CR</subfield>
    <subfield code="z">(data import: 16 gennaio 2017) - By Epidotti, Vaglietti. </subfield>
  </datafield>
</record>
